000 00746nam a22002417a 4500
003 UA-OsUOA
001 69399
007 ta
008 20100618b un ||||| |||| 00| 0 ukr d
100 _aСтепанова Т. С.
700 _aАлексеева Н. Б.
090 _a016:343
_bС79
942 _cBK
040 _aUA-OsUOA
_brus
_cUA-OsUOA
_dUA-OsUOA
245 _aБиблиографический указатель литературы по советской криминалистике за 1956 - 1960 гг.
300 _a147 с.
955 _a2
041 _arus
080 _a016:343
260 _aМ.
_c1964
650 7 _a01 Бібліографія і бібліографії. Каталоги
_2UDC
999 _c355670
_d355670